00533nam a2200169Ia 4500008004100000020001500041041000800056082001800064100003100082245002400113250000600137260004400143300001100187650001400198999001900212952013200231210716s2005 xx 000 0 und d a8179923975 aeng a658.8007 VEDV aVedulla, Venkata Ramana . aMarketing services. a1 aBangalorebJaico Publishing Housec2005 axv,304 aMarketing c199293d199293 00102ddc40738MBAaAIMITbAIMITd2005-08-25g995.00l0o658.8007 VEDVpMBA01858r2025-07-21 00:00:00v796.00w2021-07-16yBK